Normal view
MARC view
- MOIZ,OMER,ZAHEER UD DIN
Entry Personal Name
001 - CONTROL NUMBER
- control field: 71904
003 - CONTROL NUMBER IDENTIFIER
- control field: NUST
005 - DATE AND TIME OF LATEST TRANSACTION
- control field: 20210628204716.0
008 - FIXED-LENGTH DATA ELEMENTS
- fixed length control field: 210628|| aca||aabn | a|a d
040 ## - CATALOGING SOURCE
- Original cataloging agency: NUST
- Transcribing agency: NUST
100 ## - HEADING--PERSONAL NAME
- Personal name: MOIZ,OMER,ZAHEER UD DIN
670 ## - SOURCE DATA FOUND
- Source citation: Work cat.: (NUST): MOIZ,OMER,ZAHEER UD DIN, PR-SOF-1381-DESIGN, FABRICATION AND INSTALLATION OF CONDENSING ECONOMIZER FOR WASTE HEAT RECOVERY TO BE INSTALLED AT PEARL CONTINENTAL HOTEL, BHURBAN, 2014
